Delle persone incapaci / (Record no. 120151)

MARC details
000 -LEADER
campo de control de longitud fija 00701nam a2200193 i 4500
001 - NÚMERO DE CONTROL
campo de control 120151
003 - IDENTIFICADOR DE NÚMERO DE CONTROL
campo de control ES-MaACL
005 - FECHA Y HORA DE LA ÚLTIMA TRANSACCIÓN
campo de control 20230906191457.0
007 - CAMPO FIJO DE DESCRIPCIÓN FÍSICA--INFORMACIÓN GENERAL
campo de control de longitud fija t|
008 - DATOS DE LONGITUD FIJA--INFORMACIÓN GENERAL
campo de control de longitud fija 070214m19101913it r ||||1| ita d
100 1# - ENTRADA PRINCIPAL--NOMBRE DE PERSONA
Nombre de persona Piola, Giuseppe.
9 (RLIN) 92303
245 10 - MENCIÓN DEL TÍTULO
Título Delle persone incapaci /
Mención de responsabilidad, etc. per Giuseppe Piola.
260 ## - PUBLICACIÓN, DISTRIBUCIÓN, ETC.
Lugar de publicación, distribución, etc. Napoli :
Nombre del editor, distribuidor, etc. Marghieri,
Fecha de publicación, distribución, etc. 1910-1913.
300 ## - DESCRIPCIÓN FÍSICA
Extensión 2 v. ;
Dimensiones 24 x 15 cm.
490 1# - MENCIÓN DE SERIE
Mención de serie Il Diritto civile italiano secondo la dottrina e la giurisprudenza . Parte seconda, Delle persone ;
Designación de volumen o secuencia 4-5
830 0# - PUNTO DE ACCESO ADICIONAL DE SERIE-TÍTULO UNIFORME
Título uniforme Il Diritto civile italiano secondo la dottrina e la giurisprudenza . Parte seconda, Delle persone ;
Designación de volumen o secuencia 4-5
9 (RLIN) 218649
852 ## - LOCALIZACIÓN
Ubicación ES-MaACL
Número de control de estantería A-441-42
Holdings
Estatus retirado Estado de pérdida Estado de daño No para préstamo Biblioteca de origen Biblioteca actual Ubicación en estantería Fecha de adquisición Fuente de adquisición Total de préstamos Signatura topográfica completa Código de barras Visto por última vez Precio de reemplazo Tipo de ítem Koha
        Biblioteca del Ateneo de Madrid Biblioteca del Ateneo de Madrid Sala Pecera Planta 1 17/01/2008     A-441-42 1125240 23/02/2023 23/02/2023 Libro impreso